[Event "4NCL Division One"]
[Site "Warwick, ENG"]
[Date "2023.02.11"]
[Round "5.43"]
[White "Adair, James R"]
[Black "Royal, Shreyas"]
[Result "1/2-1/2"]
[WhiteElo "2451"]
[BlackElo "2456"]
[PlyCount "123"]
[EventDate "2023.02.11"]
[WhiteTeam "Chessable White Rose 1"]
[BlackTeam "Wood Green Youth"]

1. e4 e5 2. Nf3 Nc6 3. Bb5 a6 4. Ba4 Nf6 5. O-O Be7 6. Re1 b5 7. Bb3 d6 8. c3
O-O 9. h3 Nb8 10. d4 Nbd7 11. Nbd2 Bb7 12. Bc2 Re8 13. Nf1 Bf8 14. Ng3 g6 15.
Bd2 Bg7 16. Qc1 d5 17. Bg5 h6 18. Bxh6 dxe4 19. Bxe4 Nxe4 20. Nxe4 exd4 21.
Bxg7 Kxg7 22. Neg5 Rxe1+ 23. Qxe1 dxc3 24. Qxc3+ Nf6 25. Ne5 Qd5 26. f3 Re8 27.
Ngxf7 Re7 28. Re1 Bc8 29. Ng5 b4 30. Qe3 Bb7 31. Qe2 Qd4+ 32. Qf2 Qf4 33. Qe3
Qg3 34. Re2 Nd5 35. Qd4 c5 36. Qg4 Qxg4 37. hxg4 c4 38. g3 Nf6 39. Kf2 Bd5 40.
Nh3 c3 41. bxc3 bxc3 42. Nf4 c2 43. Ned3 Rxe2+ 44. Kxe2 Bc4 45. Kd2 g5 46. Ne2
Bxa2 47. Kxc2 Bd5 48. Nd4 a5 49. Kc3 Nd7 50. f4 Kf6 51. Nf5 gxf4 52. gxf4 Bf3
53. Ne3 Bxg4 54. Nxg4+ Kf5 55. Ne3+ Ke4 56. Nc4 Nf6 57. Nd6+ Kd5 58. Nf5 Nh5
59. Ne3+ Ke4 60. Nc4 Nxf4 61. Nxf4 Kxf4 62. Nxa5 1/2-1/2

[Event "4NCL Division One"]
[Site "Warwick, ENG"]
[Date "2023.02.11"]
[Round "5.44"]
[White "Czopor, Maciej"]
[Black "Wells, Peter K"]
[Result "1/2-1/2"]
[WhiteElo "2412"]
[BlackElo "2370"]
[PlyCount "56"]
[EventDate "2023.02.11"]
[WhiteTeam "Wood Green Youth"]
[BlackTeam "Chessable White Rose 1"]

1. e4 e5 2. Nf3 Nc6 3. Bc4 Nf6 4. d4 exd4 5. e5 d5 6. Bb5 Ne4 7. Nxd4 Bc5 8.
Be3 O-O 9. Nxc6 bxc6 10. Bxc5 Nxc5 11. Bxc6 Rb8 12. Qxd5 Qe7 13. O-O Rxb2 14.
Nc3 Rxc2 15. Qd4 Be6 16. Rfd1 a5 17. Rab1 h5 18. Rb5 Na4 19. Nxa4 Rxc6 20. Nc5
Bxa2 21. Rxa5 Be6 22. h3 Re8 23. Qa4 Rxc5 24. Rxc5 Bb3 25. Qxb3 Qxc5 26. Rd7
Qc1+ 27. Kh2 Qf4+ 28. Qg3 Qxg3+ 1/2-1/2

[Event "4NCL Division One"]
[Site "Warwick, ENG"]
[Date "2023.02.11"]
[Round "5.45"]
[White "Han, Yichen"]
[Black "Derakhshani, Borna"]
[Result "1-0"]
[WhiteElo "2423"]
[BlackElo "2400"]
[PlyCount "101"]
[EventDate "2023.02.11"]
[WhiteTeam "Chessable White Rose 1"]
[BlackTeam "Wood Green Youth"]

1. d4 d5 2. c4 c6 3. cxd5 cxd5 4. Nc3 Nf6 5. Bf4 Nc6 6. e3 Bf5 7. Qb3 Na5 8.
Qa4+ Bd7 9. Qc2 Rc8 10. Nf3 e6 11. Bd3 b5 12. a3 Nc4 13. Qe2 Be7 14. O-O O-O
15. Ne5 Be8 16. a4 b4 17. Na2 Nxe5 18. Bxe5 Bxa4 19. Nxb4 Bxb4 20. Rxa4 a5 21.
Raa1 Nd7 22. Bg3 Qb6 23. h3 Nf6 24. Be5 Ne4 25. Rfc1 f6 26. Bf4 Bd6 27. Bxe4
dxe4 28. Bxd6 Qxd6 29. Qd2 Qb4 30. Qxb4 axb4 31. Rc5 Rxc5 32. dxc5 Rc8 33. Ra5
Kf7 34. Kf1 e5 35. Rb5 Ke6 36. g4 h6 37. h4 g6 38. Rb6+ Ke7 39. Rb7+ Ke6 40.
Rb6+ Ke7 41. Rxb4 Rxc5 42. Rxe4 Rb5 43. b4 Rb8 44. Rc4 Kd6 45. Ke2 Ra8 46. b5
Kd5 47. Rc6 Rf8 48. Kd3 e4+ 49. Kc3 g5 50. hxg5 hxg5 51. Kb4 1-0

[Event "4NCL Division One"]
[Site "Warwick, ENG"]
[Date "2023.02.11"]
[Round "5.46"]
[White "Yao, Lan"]
[Black "Camacho Collados, Jose"]
[Result "1/2-1/2"]
[WhiteElo "2271"]
[BlackElo "2406"]
[PlyCount "129"]
[EventDate "2023.02.11"]
[WhiteTeam "Wood Green Youth"]
[BlackTeam "Chessable White Rose 1"]

1. e4 c5 2. Nf3 e6 3. d4 cxd4 4. Nxd4 Nf6 5. Nc3 Nc6 6. Be3 Bb4 7. Bd3 Ne5 8.
O-O O-O 9. h3 Nxd3 10. cxd3 e5 11. Nde2 d5 12. Bg5 Be6 13. exd5 Bxd5 14. Bxf6
gxf6 15. Nxd5 Qxd5 16. Ng3 Kh8 17. Qg4 Bc5 18. Rac1 Rg8 19. Qe4 Qxe4 20. Nxe4
Bb6 21. Nxf6 Rg6 22. Nd5 Bd4 23. Ne7 Ra6 24. Rc7 Rxa2 25. b4 Bb6 26. Rxb7 Rd8
27. Nc6 Rd5 28. Rxf7 Rc2 29. Ne7 Rxd3 30. Nf5 Rd8 31. Nh6 e4 32. Ng4 Rc7 33.
Rf4 Rd4 34. Re1 Rxb4 35. Rfxe4 Rxe4 36. Rxe4 Kg7 37. Kh2 a5 38. f4 h5 39. Ne5
Kf6 40. Nc4 Bf2 41. g4 hxg4 42. hxg4 a4 43. Na3 Ra7 44. Rc4 Ra5 45. Rc6+ Ke7
46. f5 Kd7 47. Rc3 Rd5 48. Kg2 Bc5 49. Kg3 Bb4 50. Rf3 Rd1 51. Kf4 Ke7 52. Kg5
Kf7 53. Kf4 Bd6+ 54. Ke4 Rg1 55. Kd5 Bb8 56. Nc4 Rxg4 57. Ne5+ Bxe5 58. Kxe5
Rg1 59. Ra3 Re1+ 60. Kf4 Rf1+ 61. Ke5 Re1+ 62. Kf4 Rh1 63. Kg5 Rg1+ 64. Kf4
Rf1+ 65. Ke5 1/2-1/2

[Event "4NCL Division One"]
[Site "Warwick, ENG"]
[Date "2023.02.11"]
[Round "5.47"]
[White "Palliser, Richard J D"]
[Black "Stoyanov, Viktor"]
[Result "1/2-1/2"]
[WhiteElo "2395"]
[BlackElo "2243"]
[PlyCount "191"]
[EventDate "2023.02.11"]
[WhiteTeam "Chessable White Rose 1"]
[BlackTeam "Wood Green Youth"]

1. d4 Nf6 2. Nf3 g6 3. c4 Bg7 4. Nc3 d5 5. cxd5 Nxd5 6. e4 Nxc3 7. bxc3 c5 8.
Rb1 O-O 9. Be2 Nc6 10. d5 Na5 11. c4 b6 12. Bg5 Bg4 13. Nd2 Bxe2 14. Qxe2 Qd7
15. O-O e5 16. Rb5 Nb7 17. Nb1 Nd6 18. Rb3 f5 19. Nc3 Rae8 20. f3 h6 21. Bd2 g5
22. a4 fxe4 23. fxe4 Rxf1+ 24. Kxf1 Rf8+ 25. Ke1 Rf6 26. Nb5 Nxb5 27. axb5 a5
28. bxa6 Qa4 29. Rf3 Qxa6 30. Rxf6 Bxf6 31. h3 Qa4 32. Qd3 Qd7 33. Qb3 Bd8 34.
Qg3 Qd6 35. h4 Qf6 36. Qg4 Be7 37. Ke2 Kg7 38. h5 Qf7 39. g3 Bd6 40. Bc3 Qe8
41. Kd3 b5 42. cxb5 Qxb5+ 43. Kd2 Qe8 44. Qf5 c4 45. g4 Kg8 46. Qf6 Qf8 47.
Qe6+ Kh7 48. Ke2 Qf4 49. Qg6+ Kh8 50. Qxh6+ Kg8 51. Qg6+ Kh8 52. Qf5 Qh2+ 53.
Qf2 Qh1 54. Bxe5+ Bxe5 55. Qf8+ Kh7 56. Qf5+ Kg8 57. Qxe5 Qg2+ 58. Ke1 c3 59.
Qxg5+ Kh8 60. Qf6+ Kg8 61. Qxc3 Qxe4+ 62. Kf2 Qxd5 63. Kg3 Qd6+ 64. Kh3 Qf4 65.
Qc8+ Kg7 66. Qd7+ Kh6 67. Qe6+ Kg7 68. Qg6+ Kh8 69. Qd3 Kg7 70. Qg3 Qf1+ 71.
Kh4 Qh1+ 72. Kg5 Qd5+ 73. Kf4 Qd6+ 74. Kf3 Qd3+ 75. Kg2 Qe2+ 76. Kh1 Qf1+ 77.
Kh2 Qe2+ 78. Qg2 Qe5+ 79. Kh3 Qe3+ 80. Qg3 Qe4 81. Qc3+ Kh7 82. Kg3 Qd5 83.
Qc7+ Kh6 84. Qb6+ Kg7 85. Qe3 Qd6+ 86. Qf4 Qd1 87. Qe5+ Kh7 88. Kh4 Qh1+ 89.
Kg5 Qd1 90. Qf5+ Kg8 91. Kh6 Qd4 92. Qg6+ Kf8 93. g5 Qh8+ 94. Qh7 Qe5 95. Qd7
Qe6+ 96. Qxe6 1/2-1/2

[Event "4NCL Division One"]
[Site "Warwick, ENG"]
[Date "2023.02.11"]
[Round "5.48"]
[White "Kalaiyalahan, Akshaya"]
[Black "Sucikova, Svetlana"]
[Result "1/2-1/2"]
[WhiteElo "2222"]
[BlackElo "2228"]
[PlyCount "216"]
[EventDate "2023.02.11"]
[WhiteTeam "Wood Green Youth"]
[BlackTeam "Chessable White Rose 1"]

1. d4 d5 2. c4 c6 3. e3 Nf6 4. Nf3 Bf5 5. Nc3 Nbd7 6. cxd5 cxd5 7. Qb3 Nb6 8.
a4 a5 9. Bb5+ Bd7 10. Bxd7+ Nfxd7 11. Nxd5 Nxd5 12. Qxd5 Qb6 13. O-O e6 14. Qg5
f6 15. Qg3 Kf7 16. e4 Be7 17. Be3 Rhc8 18. Qh3 Nf8 19. d5 Bc5 20. Qh5+ Kg8 21.
Bd2 Bb4 22. Be3 Bc5 23. Bd2 Bb4 24. Bxb4 Qxb4 25. dxe6 Nxe6 26. Qd5 Ra6 27. e5
Rd8 28. Qa2 fxe5 29. Nxe5 Qf4 30. Nf3 Kh8 31. Rfe1 Nd4 32. Nxd4 Qxd4 33. Qf7 h6
34. Qxb7 Rf6 35. h3 Rxf2 36. Kh1 Rxb2 37. Qe4 Qxe4 38. Rxe4 Rd5 39. Rc1 Rg5 40.
Rg1 Ra2 41. Kh2 Kh7 42. h4 Rg6 43. Kh3 Rb6 44. Rf1 Rb4 45. Re7 Ra3+ 46. Rf3
Rxf3+ 47. gxf3 Rxa4 48. h5 Ra1 49. Ra7 Kg8 50. Kg2 a4 51. Kh2 a3 52. Kg2 a2 53.
Kh2 Kf8 54. Kg2 Ke8 55. Kh2 Kd8 56. Kg2 Kc8 57. Kh2 Kb8 58. Ra4 Kb7 59. Kg2 Kb6
60. Ra8 Kc5 61. Ra7 Kd4 62. Rd7+ Ke3 63. Ra7 Kd4 64. Ra5 Kc4 65. Ra7 Kd5 66.
Ra8 Ke5 67. Ra6 Kf5 68. Ra7 Kf6 69. Ra5 Rb1 70. Rxa2 Rb5 71. Ra6+ Kf7 72. Ra7+
Kg8 73. Kg3 Rxh5 74. f4 Rh1 75. Kg2 Re1 76. Kg3 Kf8 77. Kf3 Re7 78. Ra8+ Kf7
79. Ra6 Re6 80. Ra7+ Kf6 81. Rb7 Ra6 82. Rb5 g6 83. Rc5 Ra3+ 84. Kg2 h5 85. Rd5
h4 86. Rb5 Rg3+ 87. Kf2 Rd3 88. Kg2 Ke6 89. Rg5 Kf6 90. Rg4 h3+ 91. Kh2 Rf3 92.
Rh4 Kf5 93. Rh6 Rc3 94. Rh4 Rd3 95. Rh6 Rd1 96. Rxh3 Kxf4 97. Rb3 Rd2+ 98. Kg1
g5 99. Ra3 g4 100. Rb3 Re2 101. Ra3 Re3 102. Rxe3 Kxe3 103. Kg2 Kf4 104. Kf2
g3+ 105. Kg2 Kg4 106. Kg1 Kf3 107. Kf1 g2+ 108. Kg1 Kg3 1/2-1/2

[Event "4NCL Division One"]
[Site "Warwick, ENG"]
[Date "2023.02.11"]
[Round "5.51"]
[White "Urkedal, Frode Olav Olsen"]
[Black "Murphy, Conor E"]
[Result "1-0"]
[WhiteElo "2536"]
[BlackElo "2429"]
[PlyCount "133"]
[EventDate "2023.02.11"]
[WhiteTeam "Celtic Tigers 1"]
[BlackTeam "Cambridge University 1"]

1. c4 e6 2. Nc3 d5 3. d4 Nf6 4. cxd5 exd5 5. Bg5 Be7 6. e3 O-O 7. Bd3 Re8 8.
Nf3 h6 9. Bh4 c6 10. Bg3 Nh5 11. Be5 Nf6 12. h3 Bd6 13. O-O Bxe5 14. Nxe5 c5
15. Rc1 a6 16. Bb1 Qd6 17. Qf3 cxd4 18. exd4 Nbd7 19. Nd3 Nf8 20. Nf4 Be6 21.
Rcd1 Rad8 22. a3 Bd7 23. Rfe1 Ne6 24. Nxe6 Rxe6 25. Rxe6 Qxe6 26. Qf4 Re8 27.
Qc7 Bc6 28. Bd3 Re7 29. Qf4 Qd7 30. f3 Qd8 31. Qh4 Qb6 32. Qf2 Nh5 33. Qh4 Nf6
34. Qf2 Nh5 35. Bb1 Nf4 36. Kh2 Qc7 37. g3 Nh5 38. Ba2 Qd6 39. Rd2 Re6 40. Bb1
Qe7 41. Bf5 Re1 42. Re2 Rxe2 43. Qxe2 Qg5 44. Bg4 Nf6 45. f4 Qg6 46. Bf3 Qf5
47. Bg2 h5 48. Qd2 Bd7 49. Nd1 Ne4 50. Qe3 Qe6 51. Nf2 Bc6 52. Nd3 Bb5 53. Nf2
Bc6 54. Qf3 g6 55. Nd3 Bb5 56. f5 Qf6 57. Nb4 h4 58. Nxd5 hxg3+ 59. Qxg3 Nxg3
60. Nxf6+ Kg7 61. Kxg3 Kxf6 62. fxg6 fxg6 63. Bxb7 g5 64. b4 Kf5 65. Kf3 Kf6
66. Bc8 Bc6+ 67. Ke3 1-0

[Event "4NCL Division One"]
[Site "Warwick, ENG"]
[Date "2023.02.11"]
[Round "5.52"]
[White "Bisby, Daniel L"]
[Black "Reimanis, Ritvars"]
[Result "1-0"]
[WhiteElo "2277"]
[BlackElo "2519"]
[PlyCount "70"]
[EventDate "2023.02.11"]
[WhiteTeam "Cambridge University 1"]
[BlackTeam "Celtic Tigers 1"]

1. e4 e6 2. d4 d5 3. e5 c5 4. c3 Nc6 5. Nf3 Qb6 6. Bd3 cxd4 7. O-O Bd7 8. Nbd2
g5 9. Re1 g4 10. Nxd4 Nxd4 11. cxd4 h5 12. Nb3 Ba4 13. Be3 Ne7 14. Qe2 Bxb3 15.
axb3 Nc6 16. Rec1 a6 17. f3 Bh6 18. f4 Kd7 19. Rc3 f5 20. exf6 Qd8 21. f7 Qf6
22. Rf1 Nxd4 23. Bxd4 Qxd4+ 24. Kh1 Bxf4 25. Re1 Rh6 26. Bb5+ Ke7 27. Be8 Rf6
28. Qc2 Bd6 29. Rc7+ Bxc7 30. Qxc7+ Kf8 31. Qd6+ Kg7 32. Qe7 Kh6 33. f8=Q+ Rxf8
34. Rxe6+ Rf6 35. Rxf6+ Kg5 1-0

[Event "4NCL Division One"]
[Site "Warwick, ENG"]
[Date "2023.02.11"]
[Round "5.53"]
[White "Kilpatrick, Callum"]
[Black "McClement, Andrew"]
[Result "1-0"]
[WhiteElo "2413"]
[BlackElo "2220"]
[PlyCount "83"]
[EventDate "2023.02.11"]
[WhiteTeam "Celtic Tigers 1"]
[BlackTeam "Cambridge University 1"]

1. e4 c5 2. Nf3 d6 3. d4 cxd4 4. Nxd4 Nf6 5. Nc3 e6 6. g4 h6 7. Rg1 Be7 8. Be3
Nc6 9. Qe2 a6 10. O-O-O Qc7 11. h4 Nxd4 12. Bxd4 e5 13. Be3 Be6 14. g5 hxg5 15.
hxg5 Nd7 16. g6 Rc8 17. gxf7+ Kxf7 18. Qf3+ Bf6 19. Bd3 Nc5 20. Bxc5 Qxc5 21.
Nd5 Rh6 22. Rg3 Rch8 23. Rdg1 Ke8 24. Ne3 Rh2 25. b3 R8h4 26. R3g2 Rf4 27. Qe2
Rh3 28. Rg3 Rh2 29. R3g2 Rh3 30. Kb1 Kd8 31. a4 Kc8 32. Rd1 Rhf3 33. Rh2 Bh4
34. Rxh4 Rxf2 35. Rh8+ Kc7 36. Qe1 R4f3 37. Nc4 Bxc4 38. Bxc4 Re3 39. Qg1 Rc3
40. a5 Rcxc2 41. Qxg7+ Kc6 42. Rc8# 1-0

[Event "4NCL Division One"]
[Site "Warwick, ENG"]
[Date "2023.02.11"]
[Round "5.54"]
[White "Gallagher, Daniel GH"]
[Black "Gallana, Marco"]
[Result "1/2-1/2"]
[WhiteElo "2204"]
[BlackElo "2243"]
[PlyCount "125"]
[EventDate "2023.02.11"]
[WhiteTeam "Cambridge University 1"]
[BlackTeam "Celtic Tigers 1"]

1. e4 c5 2. Nc3 Nc6 3. Nge2 Nf6 4. d4 cxd4 5. Nxd4 e5 6. Ndb5 d6 7. Nd5 Nxd5 8.
exd5 Nb8 9. a4 Be7 10. b4 a6 11. Na3 b6 12. Nc4 Nd7 13. Be2 O-O 14. O-O f5 15.
f4 a5 16. c3 Qc7 17. Be3 exf4 18. Bxf4 Ba6 19. Na3 Bxe2 20. Qxe2 Ne5 21. Bxe5
dxe5 22. Nb5 Qd7 23. d6 Bxd6 24. Rad1 Rf6 25. Nxd6 Rxd6 26. Rxd6 Qxd6 27. Rxf5
axb4 28. Rxe5 bxc3 29. Qc4+ Kh8 30. Qxc3 Qd1+ 31. Re1 Qxa4 32. h3 h6 33. Re6
Qa1+ 34. Qxa1 Rxa1+ 35. Kf2 Rb1 36. h4 h5 37. Kf3 Rb4 38. g3 Kh7 39. Rc6 b5 40.
Rb6 Kg8 41. Rb7 Kf8 42. Ke3 g6 43. Kf3 Kg8 44. Kf2 Rb3 45. Kg2 Rb1 46. Kf3 Rf1+
47. Kg2 Rf5 48. g4 Rc5 49. gxh5 gxh5 50. Kf3 Kf8 51. Ke4 Ke8 52. Kd4 Rc4+ 53.
Kd3 Rb4 54. Kc3 Rxh4 55. Rxb5 Kf7 56. Kd3 Kg6 57. Ke3 Rg4 58. Kf3 Kh6 59. Ra5
Rg6 60. Ra4 Rg1 61. Kf2 Rg8 62. Kf3 Rg1 63. Ke4 1/2-1/2

[Event "4NCL Division One"]
[Site "Warwick, ENG"]
[Date "2023.02.11"]
[Round "5.55"]
[White "Pein, Jonathan"]
[Black "Hill, Alistair"]
[Result "1/2-1/2"]
[WhiteElo "2252"]
[BlackElo "2172"]
[PlyCount "116"]
[EventDate "2023.02.11"]
[WhiteTeam "Celtic Tigers 1"]
[BlackTeam "Cambridge University 1"]

1. e4 c5 2. g3 Nc6 3. Bg2 Nf6 4. Ne2 d5 5. exd5 Nxd5 6. d4 cxd4 7. Nxd4 Ndb4 8.
Nxc6 Qxd1+ 9. Kxd1 Nxc6 10. Be3 g6 11. Nc3 Bg7 12. Kc1 O-O 13. Bc5 Bf5 14. Re1
Rac8 15. Nd5 Rfe8 16. c3 e6 17. Nb4 Nxb4 18. Bxb4 b6 19. Bb7 Rc7 20. Ba6 Rd8
21. Rd1 Rcd7 22. Rxd7 Rxd7 23. Bb5 Rd5 24. Bc4 Rd8 25. Be7 Bh6+ 26. f4 Rd7 27.
Bf6 Bg7 28. Bxg7 Kxg7 29. a4 a5 30. Be2 e5 31. fxe5 Rd5 32. b4 Rxe5 33. Kd2 Bd7
34. Bc4 g5 35. bxa5 Rxa5 36. Bb3 f5 37. c4 Kf6 38. Kc3 f4 39. Rf1 Ke5 40. gxf4+
gxf4 41. Re1+ Kf5 42. Re7 Bxa4 43. Bxa4 Rxa4 44. Rxh7 Ke4 45. Re7+ Kf3 46. Re6
Kg2 47. Rxb6 f3 48. Kd4 f2 49. Rf6 f1=Q 50. Rxf1 Kxf1 51. Kd5 Kg2 52. c5 Kxh2
53. c6 Kg3 54. c7 Ra8 55. Kc6 Kf4 56. Kb7 Rh8 57. c8=Q Rxc8 58. Kxc8 Ke4
1/2-1/2

[Event "4NCL Division One"]
[Site "Warwick, ENG"]
[Date "2023.02.11"]
[Round "5.56"]
[White "Robertson, J Stuart"]
[Black "Skulte, Christopher"]
[Result "1-0"]
[WhiteElo "2154"]
[BlackElo "2080"]
[PlyCount "195"]
[EventDate "2023.02.11"]
[WhiteTeam "Cambridge University 1"]
[BlackTeam "Celtic Tigers 1"]

1. d4 d5 2. c4 dxc4 3. e4 b5 4. b3 e5 5. d5 f5 6. bxc4 bxc4 7. Bxc4 Nf6 8. exf5
Bxf5 9. Nf3 Bd6 10. h3 O-O 11. O-O Nbd7 12. Re1 Ne4 13. Nbd2 Nec5 14. Nb3 Qf6
15. Nxc5 Nxc5 16. Bb2 Rae8 17. Re3 Nd7 18. Qe2 Qg6 19. Nh4 Qg5 20. Nxf5 Rxf5
21. Rg3 Qf6 22. Rf1 Kh8 23. Bb5 Re7 24. Bxd7 Rxd7 25. Qb5 Rd8 26. Qa5 Qf8 27.
Ba3 Bxa3 28. Rxa3 Rxd5 29. Qxa7 Rd2 30. Rb3 h6 31. Rb8 Rd8 32. Rxd8 Qxd8 33. a4
Qd4 34. Qxc7 Kh7 35. Qc2 e4 36. Re1 Rf4 37. a5 Qd3 38. Qxd3 exd3 39. Ra1 d2 40.
Kf1 Ra4 41. Rd1 Rxa5 42. Rxd2 Re5 43. Rd6 h5 44. g3 g6 45. Kg2 Ra5 46. Re6 Kg7
47. f4 Ra2+ 48. Kf3 Rh2 49. Re2 Rh1 50. Kg2 Ra1 51. g4 hxg4 52. hxg4 Ra3 53.
Kf2 Kf6 54. Re3 Ra2+ 55. Kf3 Ra4 56. Rb3 Ra6 57. Rd3 Rb6 58. Rd4 Ra6 59. Ke4
Ke6 60. Rb4 Rc6 61. g5 Ra6 62. Rb8 Ra4+ 63. Kf3 Ra3+ 64. Kg4 Kf7 65. Rh8 Rb3
66. Rh7+ Kg8 67. Rh3 Rb1 68. Rd3 Rf1 69. Rd4 Kf7 70. Rd7+ Kf8 71. Kg3 Kg8 72.
Rd4 Kf7 73. Kg2 Ra1 74. Kf3 Ra3+ 75. Ke4 Ke6 76. Rb4 Ra6 77. Rb7 Ra4+ 78. Kf3
Ra3+ 79. Kg4 Ra1 80. Rg7 Rg1+ 81. Kf3 Rf1+ 82. Kg3 Kf5 83. Rf7+ Ke4 84. Re7+
Kd5 85. Rg7 Ke4 86. Rxg6 Rf3+ 87. Kg4 Rxf4+ 88. Kh5 Rf1 89. Rf6 Rg1 90. Kh6 Ke5
91. Rf2 Ke6 92. g6 Rh1+ 93. Kg7 Ke7 94. Kg8 Rg1 95. g7 Rg3 96. Re2+ Kf6 97. Kf8
Ra3 98. Rf2+ 1-0

[Event "4NCL Division One"]
[Site "Warwick, ENG"]
[Date "2023.02.11"]
[Round "5.57"]
[White "Serbanescu, Diana-Maria"]
[Black "Stewart, Ashley"]
[Result "1/2-1/2"]
[WhiteElo "2090"]
[BlackElo "2051"]
[PlyCount "56"]
[EventDate "2023.02.11"]
[WhiteTeam "Celtic Tigers 1"]
[BlackTeam "Cambridge University 1"]

1. e4 c5 2. c3 d5 3. exd5 Qxd5 4. d4 g6 5. Nf3 Bg7 6. Na3 cxd4 7. Bc4 Qe4+ 8.
Be3 Nh6 9. cxd4 O-O 10. O-O Nf5 11. Re1 Qg4 12. h3 Nxe3 13. Rxe3 Qd7 14. Qe2
Bf6 15. Rd1 Nc6 16. Bb5 Qd6 17. Nc4 Qd5 18. Nce5 Qd6 19. Nc4 Qd5 20. Nce5 a6
21. Nxc6 bxc6 22. Bc4 Qd6 23. b3 a5 24. Ne5 Ra7 25. Qf3 Bb7 26. Qe2 Bc8 27. Qf3
Bb7 28. Qe2 Bc8 1/2-1/2

[Event "4NCL Division One"]
[Site "Warwick, ENG"]
[Date "2023.02.11"]
[Round "5.58"]
[White "Sivanandan, Bodhana"]
[Black "Pedersen, Carsten"]
[Result "0-1"]
[WhiteElo "1885"]
[BlackElo "2084"]
[PlyCount "110"]
[EventDate "2023.02.11"]
[WhiteTeam "Cambridge University 1"]
[BlackTeam "Celtic Tigers 1"]

1. e4 e6 2. d4 d5 3. e5 c5 4. c3 Nc6 5. Nf3 Bd7 6. Bd3 cxd4 7. O-O Nge7 8. Re1
Rc8 9. a3 a6 10. cxd4 Qb6 11. Bc2 Na5 12. b4 Nc4 13. Ba4 Bxa4 14. Qxa4+ Qc6 15.
Qxc6+ Rxc6 16. Nbd2 Nc8 17. Nb3 b6 18. Bg5 h6 19. Be3 Na7 20. Rec1 Kd7 21. Nfd2
Nxd2 22. Bxd2 Be7 23. Kf1 Rhc8 24. Ke2 Rxc1 25. Rxc1 Rxc1 26. Bxc1 Kc6 27. Kd3
Kb5 28. Na1 Ka4 29. Nc2 Nb5 30. f4 h5 31. g3 g6 32. h3 a5 33. Bd2 axb4 34. Nxb4
Bxb4 35. axb4 Kb3 36. g4 hxg4 37. hxg4 Na3 38. f5 gxf5 39. gxf5 b5 40. Bg5 Nc2
41. fxe6 fxe6 42. Be7 Nxb4+ 43. Ke3 Nc6 44. Bc5 Kc4 45. Kd2 Nxe5 46. dxe5 Kxc5
47. Kc3 d4+ 48. Kb3 Kd5 49. Kc2 b4 50. Kb3 d3 51. Kb2 Kc4 52. Kb1 Kc3 53. Kc1
b3 54. Kb1 d2 55. Ka1 d1=Q# 0-1

[Event "4NCL Division One"]
[Site "Warwick, ENG"]
[Date "2023.02.11"]
[Round "5.61"]
[White "Speelman, Jon S"]
[Black "Delaney, Killian"]
[Result "1-0"]
[WhiteElo "2500"]
[BlackElo "2294"]
[PlyCount "44"]
[EventDate "2023.02.11"]
[WhiteTeam "Wood Green"]
[BlackTeam "Gonzaga"]

1. Nf3 c5 2. c4 e6 3. g3 d5 4. Bg2 Nc6 5. O-O dxc4 6. Na3 Be7 7. Nxc4 Nf6 8. b3
Nd5 9. Bb2 Bf6 10. Bxf6 Nxf6 11. Rc1 O-O 12. Nce5 Nxe5 13. Nxe5 Qa5 14. Qc2 Nd5
15. Rfd1 b6 16. Nc6 Qb5 17. Ne7+ Kh8 18. Nxd5 exd5 19. Bxd5 Rb8 20. d4 cxd4 21.
Rxd4 Qd7 22. Qc7 Qd8 1-0

[Event "4NCL Division One"]
[Site "Warwick, ENG"]
[Date "2023.02.11"]
[Round "5.62"]
[White "Wall, Gavin"]
[Black "Wadsworth, Matthew J"]
[Result "1-0"]
[WhiteElo "2286"]
[BlackElo "2477"]
[PlyCount "81"]
[EventDate "2023.02.11"]
[WhiteTeam "Gonzaga"]
[BlackTeam "Wood Green"]

1. d4 d5 2. Nf3 Nf6 3. g3 Bf5 4. Bg2 e6 5. O-O h6 6. c4 c6 7. Nc3 Nbd7 8. Nd2
Be7 9. e4 dxe4 10. Ndxe4 Nxe4 11. Nxe4 O-O 12. Bf4 Nf6 13. Nc5 b6 14. Nb3 Rc8
15. Qe2 Qd7 16. a4 Rfd8 17. h3 a5 18. Rfd1 Qa7 19. Rac1 Bd6 20. Be5 Bg6 21.
Bxf6 gxf6 22. c5 Bf8 23. Qe3 Qb8 24. Qc3 h5 25. h4 Bh6 26. Ra1 f5 27. cxb6 Qxb6
28. Nxa5 f4 29. Nxc6 Kh7 30. b4 fxg3 31. fxg3 Rd6 32. b5 e5 33. Qc5 Be3+ 34.
Kh2 Qxc5 35. dxc5 Rxd1 36. Rxd1 Bxc5 37. Rd5 Bb6 38. a5 Bc7 39. b6 Bxb6 40.
axb6 Rxc6 41. b7 1-0

[Event "4NCL Division One"]
[Site "Warwick, ENG"]
[Date "2023.02.11"]
[Round "5.63"]
[White "Harvey, Marcus R"]
[Black "Thorarinsson, Pall A."]
[Result "1-0"]
[WhiteElo "2466"]
[BlackElo "2205"]
[PlyCount "185"]
[EventDate "2023.02.11"]
[WhiteTeam "Wood Green"]
[BlackTeam "Gonzaga"]

1. c4 c5 2. Nf3 g6 3. d4 cxd4 4. Nxd4 Bg7 5. e4 Nc6 6. Be3 Nf6 7. Nc3 d6 8. Be2
O-O 9. O-O Nxd4 10. Bxd4 Bd7 11. Qd2 Bc6 12. f3 a5 13. Rfd1 Nd7 14. Be3 Nc5 15.
Rac1 a4 16. Rc2 Qa5 17. Rb1 Rfc8 18. Bf1 Kf8 19. Qf2 Kg8 20. Kh1 Qb4 21. Bd2
Qa5 22. Qh4 Bf6 23. Qe1 Qd8 24. Be3 Qa5 25. Rbc1 Ne6 26. Qd2 h5 27. Bd3 Nd4 28.
Bxd4 Bxd4 29. Re1 h4 30. a3 Bg7 31. Qf2 Qh5 32. Ne2 Qh8 33. Rb1 Ra5 34. Nf4 Be5
35. Nd5 Bxd5 36. exd5 Qf6 37. Qe3 Rac5 38. Re2 R8c7 39. Qe4 Qf4 40. Qxf4 Bxf4
41. Re4 Bg5 42. Kg1 Bf6 43. Kf2 Rc8 44. Rbe1 Kf8 45. R1e2 Ra8 46. Rc2 Ra6 47.
Bf1 Rb6 48. Ree2 Bd4+ 49. Ke1 Be5 50. h3 Rb3 51. Kd1 Bf4 52. Re4 g5 53. Rd4 Be5
54. Rdd2 Kg7 55. Re2 b5 56. cxb5 Rcxb5 57. Rxe5 dxe5 58. Bxb5 Rxb5 59. Rd2 f5
60. Kc2 Rc5+ 61. Kb1 Rc4 62. b3 axb3 63. Kb2 Rc5 64. Kxb3 e4 65. fxe4 fxe4 66.
Kb4 e3 67. Rd3 Rc2 68. Rxe3 Rxg2 69. Rxe7+ Kf6 70. Re8 Rd2 71. Kc5 Rc2+ 72. Kb6
Rd2 73. Kc6 Rc2+ 74. Kb6 Rd2 75. Kc5 Rc2+ 76. Kb4 Rd2 77. Kc4 Rc2+ 78. Kd3 Ra2
79. d6 Rxa3+ 80. Kc4 Ra7 81. Kd5 Kf7 82. Re3 Ra5+ 83. Kc6 Ra6+ 84. Kc7 Ra7+ 85.
Kb6 Ra1 86. d7 Rd1 87. Kc7 Rc1+ 88. Kd8 Ra1 89. Rc3 Ra8+ 90. Kc7 Ra7+ 91. Kc6
Ra8 92. Kb7 Rd8 93. Kc7 1-0

[Event "4NCL Division One"]
[Site "Warwick, ENG"]
[Date "2023.02.11"]
[Round "5.64"]
[White "Venkatesan, Kavin"]
[Black "Fitzsimons, David"]
[Result "1/2-1/2"]
[WhiteElo "2152"]
[BlackElo "2412"]
[PlyCount "169"]
[EventDate "2023.02.11"]
[WhiteTeam "Gonzaga"]
[BlackTeam "Wood Green"]

1. d4 Nf6 2. c4 e6 3. Nc3 d5 4. cxd5 Nxd5 5. e4 Nxc3 6. bxc3 c5 7. Nf3 cxd4 8.
cxd4 Bb4+ 9. Bd2 Bxd2+ 10. Qxd2 O-O 11. Bc4 Nd7 12. O-O b6 13. Rfe1 Bb7 14.
Rad1 Rc8 15. Bb3 Re8 16. Re3 Nf6 17. Qe1 Ng4 18. Re2 Ba6 19. Red2 Bc4 20. Bxc4
Rxc4 21. d5 exd5 22. Rxd5 Qc8 23. e5 h6 24. h3 Nf6 25. R5d4 Rxd4 26. Rxd4 Nd7
27. Qd2 Nc5 28. Nh4 Qc7 29. f4 Ne6 30. Rd7 Qc4 31. Nf3 Nxf4 32. Rxa7 Nd3 33.
Qe3 Rc8 34. Kh2 b5 35. Rd7 Nc5 36. Rd2 Ra8 37. Rb2 Na4 38. Rb3 Rd8 39. a3 Rd5
40. Rb4 Qc7 41. Rd4 Qc5 42. Rd3 Qxe3 43. Rxe3 Nc5 44. Re1 Kf8 45. Rb1 Nd7 46.
Rb4 Nxe5 47. Nxe5 Rxe5 48. a4 bxa4 49. Rxa4 g5 50. g4 Re3 51. Ra6 Kg7 52. Rb6
f6 53. Kg2 Kg6 54. Ra6 Rb3 55. Rc6 Rb2+ 56. Kg3 Rb1 57. Kg2 Rb4 58. Kg3 Re4 59.
Rb6 Kf7 60. Ra6 Re3+ 61. Kg2 Re6 62. Ra7+ Kg6 63. h4 gxh4 64. Kh3 Re4 65. Ra5
Re5 66. Ra8 h5 67. Rg8+ Kf7 68. Rh8 hxg4+ 69. Kxg4 Re4+ 70. Kf5 Ra4 71. Rh7+
Kg8 72. Rb7 h3 73. Kxf6 h2 74. Rb1 Ra2 75. Rh1 Kh7 76. Kg5 Kg7 77. Kg4 Kg6 78.
Kg3 Kg5 79. Rxh2 Ra3+ 80. Kf2 Kg4 81. Rh8 Ra2+ 82. Ke3 Ra3+ 83. Kd2 Ra2+ 84.
Kd3 Ra3+ 85. Ke4 1/2-1/2

[Event "4NCL Division One"]
[Site "Warwick, ENG"]
[Date "2023.02.11"]
[Round "5.65"]
[White "Greet, Andrew N"]
[Black "Freeman, Gordon"]
[Result "1-0"]
[WhiteElo "2404"]
[BlackElo "2218"]
[PlyCount "47"]
[EventDate "2023.02.11"]
[WhiteTeam "Wood Green"]
[BlackTeam "Gonzaga"]

1. c4 e5 2. Nc3 Nf6 3. Nf3 e4 4. Ng5 b5 5. d3 bxc4 6. dxe4 h6 7. Nf3 Bb7 8. e5
Ne4 9. Nxe4 Bxe4 10. Qd4 Bxf3 11. gxf3 Bb4+ 12. Kd1 Nc6 13. Qxc4 Qe7 14. f4 Rb8
15. Bg2 O-O 16. Be3 Na5 17. Qa6 d6 18. a3 dxe5 19. Kc2 exf4 20. Bxa7 Rfd8 21.
Rhd1 f3 22. Bxf3 Qg5 23. axb4 Qf5+ 24. Rd3 1-0